Некоторые особенности резонансного отражения радиоволн от метеорных следов; Астрономический совет АН СССР. Бюллетень комиссии по кометам и метеорам; № 2

Detalles Bibliográficos
Parent link:Астрономический совет АН СССР. Бюллетень комиссии по кометам и метеорам
№ 2.— 1958.— С. 46-49
Autor principal: Немирова Э. К.
Lenguaje:ruso
Publicado: 1958
Materias:
Formato: Capítulo de libro
KOHA link:https://koha.lib.tpu.ru/cgi-bin/koha/opac-detail.pl?biblionumber=590800

MARC

LEADER 00000naa0a2200000 4500
001 590800
005 20241206143627.0
035 |a (RuTPU)RU\TPU\tpu\290 
035 |a TPU00000290 
090 |a 590800 
100 |a 20011210d1958 u y0rusy50 ca 
101 0 |a rus 
102 |a RU 
200 1 |a Некоторые особенности резонансного отражения радиоволн от метеорных следов  |f Э. К. Немирова 
461 |t Астрономический совет АН СССР. Бюллетень комиссии по кометам и метеорам 
463 |t № 2  |v С. 46-49  |d 1958 
610 1 |a астрономия 
610 1 |a труды учёных ТПУ 
700 1 |a Немирова  |b Э. К. 
801 0 |a RU  |b 63413507  |c 20011210  |g PSBO 
801 2 |a RU  |b 63413507  |c 20050517  |g PSBO 
942 |c CR